<?xml version="1.0" encoding="UTF-8"?>
<record
    xmlns:xsi="http://www.w3.org/2001/XMLSchema-instance"
    xsi:schemaLocation="http://www.loc.gov/MARC21/slim http://www.loc.gov/standards/marcxml/schema/MARC21slim.xsd"
    xmlns="http://www.loc.gov/MARC21/slim">

  <leader>01647    a2200193   4500</leader>
  <controlfield tag="001">53384</controlfield>
  <controlfield tag="005">20260407155808.0</controlfield>
  <controlfield tag="008">260407a1963    arg                 spa d</controlfield>
  <controlfield tag="003">AR-UNSa-BCEJYS</controlfield>
  <datafield tag="040" ind1=" " ind2=" ">
    <subfield code="a">AR-UNSa-BCEJYS</subfield>
    <subfield code="b">spa</subfield>
    <subfield code="c">AR-UNSa-BCEJYS</subfield>
  </datafield>
  <datafield tag="080" ind1=" " ind2=" ">
    <subfield code="a">911.3:33</subfield>
    <subfield code="x">Geograf&#xED;a econ&#xF3;mica</subfield>
  </datafield>
  <datafield tag="245" ind1="1" ind2="0">
    <subfield code="a">Geograf&#xED;a econ&#xF3;mica general</subfield>
  </datafield>
  <datafield tag="264" ind1=" " ind2="1">
    <subfield code="a">Buenos Aires :</subfield>
    <subfield code="b">Bibliogr&#xE1;fica Argentina</subfield>
    <subfield code="c">1963</subfield>
  </datafield>
  <datafield tag="300" ind1=" " ind2=" ">
    <subfield code="a">485 p.</subfield>
    <subfield code="c">23 cm.</subfield>
  </datafield>
  <datafield tag="505" ind1=" " ind2=" ">
    <subfield code="a">Primera Parte: NOCIONES FUNDAMENTALES: 1. Dominio de la ciencia geogr&#xE1;fica - - Segunda Parte: EL HOMBRE COMO EL FACTOR ECONOMICO: 2. El hombre - - Tercera Parte: I. GEOGRAFIA DEL INSTRUMENTAL ECONOMICO: 3. La energ&#xED;a &#x2013; 4. Combustibles minerales solidos &#x2013; 5. Petr&#xF3;leo &#x2013; 6. Energ&#xED;a el&#xE9;ctrica - - Tercera Parte: II. INSTRUMENTAL ECONOMICO: 7. Las comunicaciones &#x2013; 8. Comunicaciones y transportes terrestres &#x2013; 9. Comunicaciones y transportes acu&#xE1;ticos &#x2013; 10. Otros medios de comunicaci&#xF3;n y transporte - - Tercera Parte: III. GEOGRAFIA DEL INSTRUMENTAL ECONOMICOS: 11. Las maquinarias &#x2013; 12. Dique y obras de riego - - Cuarta Parte: GEOGRAFIA DE LA PRODUCCION: 13. Miner&#xED;a &#x2013; 14. Minerales metal&#xED;feros &#x2013; 15. Minerales no metal&#xED;feros &#x2013; 16. Agropecuaria &#x2013; 17. Cereales, vid, ca&#xF1;a de az&#xFA;car, caf&#xE9;, frutas, hortalizas, etc. &#x2013; 18. Fibras textiles &#x2013; 19. Oleaginosos, forestales &#x2013; 20. Ganader&#xED;a &#x2013; 21. Industria manufacturera - - Quinta Parte: GEOGRAFIA DE LA CIRCULACION O DEL COMERCIO: 22. Factores del comercio - - Sexta Parte: GEOGRAFIA DEL CONSUMO: 23. El consumo cultural humano.</subfield>
  </datafield>
  <datafield tag="942" ind1=" " ind2=" ">
    <subfield code="c">BK</subfield>
  </datafield>
  <datafield tag="590" ind1=" " ind2=" ">
    <subfield code="a">niveau_biblio:m niveau_hierar:0</subfield>
  </datafield>
  <datafield tag="100" ind1="1" ind2=" ">
    <subfield code="a">Lerner, Icael</subfield>
  </datafield>
  <datafield tag="999" ind1=" " ind2=" ">
    <subfield code="c">5235</subfield>
    <subfield code="d">5235</subfield>
  </datafield>
  <datafield tag="952" ind1=" " ind2=" ">
    <subfield code="0">0</subfield>
    <subfield code="1">0</subfield>
    <subfield code="4">0</subfield>
    <subfield code="7">0</subfield>
    <subfield code="a">BCEJYS</subfield>
    <subfield code="b">BCEJYS</subfield>
    <subfield code="c">16</subfield>
    <subfield code="d">2026-04-07</subfield>
    <subfield code="l">0</subfield>
    <subfield code="o">911.3:33 L614</subfield>
    <subfield code="p">L20380</subfield>
    <subfield code="r">2026-04-07 15:58:08</subfield>
    <subfield code="w">2026-04-07</subfield>
    <subfield code="y">L</subfield>
  </datafield>
  <datafield tag="952" ind1=" " ind2=" ">
    <subfield code="0">0</subfield>
    <subfield code="1">0</subfield>
    <subfield code="4">0</subfield>
    <subfield code="7">0</subfield>
    <subfield code="a">BCEJYS</subfield>
    <subfield code="b">BCEJYS</subfield>
    <subfield code="c">16</subfield>
    <subfield code="d">2026-04-07</subfield>
    <subfield code="l">0</subfield>
    <subfield code="o">911.3:33 L614</subfield>
    <subfield code="p">L21320</subfield>
    <subfield code="r">2026-04-07 15:58:08</subfield>
    <subfield code="w">2026-04-07</subfield>
    <subfield code="y">L</subfield>
  </datafield>
  <datafield tag="952" ind1=" " ind2=" ">
    <subfield code="0">0</subfield>
    <subfield code="1">0</subfield>
    <subfield code="4">0</subfield>
    <subfield code="7">0</subfield>
    <subfield code="a">BCEJYS</subfield>
    <subfield code="b">BCEJYS</subfield>
    <subfield code="c">16</subfield>
    <subfield code="d">2026-04-07</subfield>
    <subfield code="l">0</subfield>
    <subfield code="o">911.3:33 L614</subfield>
    <subfield code="p">L21319</subfield>
    <subfield code="r">2026-04-07 15:58:08</subfield>
    <subfield code="w">2026-04-07</subfield>
    <subfield code="y">L</subfield>
  </datafield>
  <datafield tag="952" ind1=" " ind2=" ">
    <subfield code="0">0</subfield>
    <subfield code="1">0</subfield>
    <subfield code="4">0</subfield>
    <subfield code="7">0</subfield>
    <subfield code="a">BCEJYS</subfield>
    <subfield code="b">BCEJYS</subfield>
    <subfield code="c">16</subfield>
    <subfield code="d">2026-04-07</subfield>
    <subfield code="l">0</subfield>
    <subfield code="o">911.3:33 L614</subfield>
    <subfield code="p">L20935</subfield>
    <subfield code="r">2026-04-07 15:58:08</subfield>
    <subfield code="w">2026-04-07</subfield>
    <subfield code="y">L</subfield>
  </datafield>
</record>
